[Event "Hamburg HSK Easter op"]
[Site "Hamburg"]
[Date "2024.03.29"]
[Round "1"]
[White "Bachschisade, Elvin"]
[Black "Woelk, Tom Frederic"]
[Result "0-1"]
[WhiteElo "1791"]
[BlackElo "2351"]
[PlyCount "34"]
[EventDate "2024.03.29"]
[EventType "swiss"]
[EventRounds "7"]
[EventCountry "GER"]
[SourceTitle "CB18_2024"]
[SourceDate "2024.05.01"]
[SourceVersion "1"]
[SourceVersionDate "2024.05.01"]
[SourceQuality "2"]

1. c4 e6 2. b3 d5 3. cxd5 exd5 4. Bb2 Nf6 5. g3 c5 6. d4 cxd4 7. Qxd4 Nc6 8. Qe3+ Be6 9. Nf3 Bb4+ 10. Nbd2 0-0 11. a3 Ng4 12. Qd3 Bc5 13. e3 Re8 14. Ng5 Qxg5 15. Qc2 Bxe3 16. f4 Bxf4 17. gxf4 Bf5+ 0-1